သမၢသ်ႈ၊တတ်ထိတ်၊ၸႃႇတၵ၊ၶေႃႈထၢမ်တွပ်ႇပွႆးပီၵွၼ်းၶမ်းဢၽိထၢၼ်ႇ (Record no. 6338)

000 -LEADER
fixed length control field 00825nam a22002057a 4500
003 - CONTROL NUMBER IDENTIFIER
control field OSt
005 - DATE AND TIME OF LATEST TRANSACTION
control field 20260128093004.0
008 - FIXED-LENGTH DATA ELEMENTS--GENERAL INFORMATION
fixed length control field 210903b ||||| |||| 00| 0 eng d
040 ## - CATALOGING SOURCE
Transcribing agency OSt
041 ## - LANGUAGE CODE
Language code of text/sound track or separate title Shan
082 ## - DEWEY DECIMAL CLASSIFICATION NUMBER
Classification number 491.375
245 ## - TITLE STATEMENT
Title သမၢသ်ႈ၊တတ်ထိတ်၊ၸႃႇတၵ၊ၶေႃႈထၢမ်တွပ်ႇပွႆးပီၵွၼ်းၶမ်းဢၽိထၢၼ်ႇ
260 ## - PUBLICATION, DISTRIBUTION, ETC.
Place of publication, distribution, etc. တႃႈလိူဝ်ႇ
Name of publisher, distributor, etc. ပျီႉၸုင်ႇဢွပ်ႉၾ်သႅတ်ႉ
Date of publication, distribution, etc. 2009
300 ## - PHYSICAL DESCRIPTION
Extent 502 ၼႃႈ
Dimensions 21 ၸိၼ်ႇထီႇ
500 ## - GENERAL NOTE
General note S-SAT: Dr. Prof Sai Aung Tun
650 ## - SUBJECT ADDED ENTRY--TOPICAL TERM
Topical term or geographic name entry element ပႃႇလိသတ်ႉတႃႇ
710 ## - ADDED ENTRY--CORPORATE NAME
Corporate name or jurisdiction name as entry element ၸဝ်ႈသြႃႇၵဝိၼ်ႇတ ပိၼ်ႇတႅမ်ႈ-
942 ## - ADDED ENTRY ELEMENTS (KOHA)
Koha item type Books (Long term)
650 ## - SUBJECT ADDED ENTRY--TOPICAL TERM
9 (RLIN) 26671
710 ## - ADDED ENTRY--CORPORATE NAME
9 (RLIN) 65811
Source of classification or shelving scheme
Holdings
Withdrawn status Lost status Source of classification or shelving scheme Damaged status Not for loan Collection Code Permanent Location Current Location Shelving location Date acquired Total Checkouts Full call number Barcode Date last seen Copy number Price effective from Koha item type Accession
          Tai Collection Shan State Buddhist University Library Shan State Buddhist University Library Tai Shelves 03/09/2021   491.375 သ ႘႗႕(1) SH00000875 03/09/2021 1 03/09/2021 Books (Long term) ႘႗႕(1)
          Tai Collection Shan State Buddhist University Library Shan State Buddhist University Library Tai Shelves 03/09/2021   491.375 သ ႘႗႖(2) SH00000876 03/09/2021 2 03/09/2021 Books (Long term) ႘႗႖(2)
          Tai Collection Shan State Buddhist University Library Shan State Buddhist University Library Tai Shelves 03/09/2021   491.375 သ ႒႒႙႓(3) SH00002293 03/09/2021 3 03/09/2021 Books (Long term) ႒႒႙႓(3)
        Not For Loan Special Collections Shan State Buddhist University Library Shan State Buddhist University Library   03/09/2021   491.375 သ ႒႓႗႖ S-SAT SH00002376 03/09/2021 4 03/09/2021 Reference ႒႓႗႖ S-SAT

Library - 09407999929
Admin Office - 09407999979
Dean Office - 09250910768
Registrar Office - 09892297154
Email - [email protected]
Shan State Buddhist University, Phaya Phyu Taunggyi, Shan State, Myanmar.